000 00607nam a2200205Ii 4500
003 JO-AjNU
008 230606s9999||||xx |||||||||||||| ||und||
020 _a978-1-4665-7510-3
040 _aJO-AjNU
_beng
_erda
_cJO-AjNU
041 _aeng
050 1 4 _aTE278.D45 2014
100 3 _aDelatte, Norbert j,
_eauthor
_94873
245 0 0 _aConcrete pavement design, construcation and per formance
264 3 1 _aNew York :CRC press ,2014
300 _a410P
336 _atext
_btxt
_2rdacontent
337 _aunmediated
_bn
_2rdamedia
338 _avolume
_bnc
_2rdacarrier
650 4 _aConcrete pavement
_94874
999 _aE2522
_c2520
_d2520